| 000 | 00872nam a22002777a 4500 | ||
|---|---|---|---|
| 003 | CBULib | ||
| 005 | 20230915080408.0 | ||
| 008 | 230505b |||||||| |||| 00| 0 eng d | ||
| 020 | _a9780323444507 | ||
| 040 |
_aCBULib _cCBULib _bEnglish _erda |
||
| 041 | _aeng | ||
| 050 | _aSF 917 Car | ||
| 100 | 1 |
_aCarpenter, James W. _915 |
|
| 245 |
_aExtotic animal formulary _c/ edited by James W. Carpenter |
||
| 250 | _aFifth edition | ||
| 260 |
_bElsevier, _c2018 _aMissouri : |
||
| 300 | _axxvi, 701 pages : illustrations | ||
| 336 |
_2rdacontent _aText | _btxt |
||
| 337 |
_2rdamedia _aUnmediated | _bn |
||
| 338 |
_2rdacarrier _aVolume _bnc |
||
| 504 | _aIncludes index. | ||
| 650 | 0 |
_2Library of Congress _aVETERINARY DRUGS _9431 |
|
| 650 | 0 |
_2Library of Congress _aEXOTIC ANIMALS _9432 |
|
| 700 | 1 |
_aMarion, Christopher J. _c(Assistant editor) _9433 |
|
| 942 |
_c002 _2lcc |
||
| 999 |
_c78254 _d78254 |
||